01429cam a22003015a 4500999001700000005001700017008004100034020001800075020001500093040005000108082001700158100002700175245004600202250004000248260003800288300005200326500002000378520039600398650002200794651001000816653003200826700001900858942001700877336002600894337002800920338002700948952015200975 c27347d2731820240818093042.0111017t2019 nyua frd 001 0 eng d a9781260085310 a1260085317 aStDuBDSbengcStDuBDSdUkdEG-ScBUEdEG-ScBUE04a540bCHA2221 aChang, Raymond.93103910aChemistry /cRaymond Chang, Jason Overby. a13th ed., International student ed. aNew York :bMcGraw-Hill,cc.2019. a1 v. (various pagings) :bill. (col.) ;c28 cm. aIncludes index. aChang's best-selling general chemistry textbook takes a traditional approach and is often considered a student and teacher favorite. The book features a straightforward, clear writing style and proven problem-solving strategies. It continues the tradition of providing a firm foundation in chemical concepts and principles while presenting a broad range of topics in a clear, concise manner. 7aChemistry.2BUEsh 2BUEsh bEENERGYYbENGCHEcApril20191 aOverby, Jason. 2ddchRDA-MOD 2rdacontentatextbtxt aunmediated2rdamediabn avolumebnc2rdacarrier 00102ddc40708AlahramaMAINbMAINc1STd2019-04-03ePurchaseg739.00h527l1m3o540 CHAp000043316r2025-07-15 00:00:00s2019-10-08v923.75yBB